Statystyki dla QUIZ LOGA SAMOCHODÓW

Kliknij tutaj aby rozwiązać quiz!

Ogólne statystyki

  • Ten quiz został rozwiązany 77 razy
  • Średni wynik to 12 z 16

Statystyki odpowiedzi

Odpowiedź% Poprawnych
AUDI
97%
FORD
95%
TESLA
92%
FIAT
91%
SEAT
91%
LAMBORGHINI
88%
SUZUKI
88%
FERRARI
86%
PEUGEOT
81%
PORSCHE
81%
VOLKSWAGEN
81%
RENUALT
73%
MCLAREN
47%
CADDILAC
39%
ACURA
25%
BUICK
14%

Rozkład punktacji

Percentyl według liczby udzielonych odpowiedzi

Procent ludzi z każdym wynikiem

Twoja historia wyników

Nie rozwiązałeś tego quizu